000 00437nam a22001817a 4500
003 CEME
005 20210628204039.0
008 210105b xxu||||| |||| 00| 0 eng d
020 _a9693512537
040 _c.
082 _a891.4392 ASH
100 _aAshfaq Ahmed
_9651
245 _aMaan chalay ka soda
260 _aLAHORE
_bSANG-E-MEEL PUB
_c2012
300 _a320P
650 _aURDU LITERATURE-DRAMA.
_968431
942 _cBK
_2ddc
999 _c576012
_d576012